Medzinárodný účtovný štandard IAS 20 Účtovanie štátnych dotácií a zverejňovanie štátnej podpory

Štandard IAS 20 - Účtovanie dotácií a zverejňovanie štátnej podpory bol nahradený v roku 1994 prepracovaným IAS 20 - Účtovanie štátnych dotácií a zverejňovanie štátnej podpory. Vymedzenie základných pojmov. Štátne dotácie. Prezentácia dotácií vzťahujúcich sa na majetok a na výnos. Štátna podpora. Zv...

Descrizione completa

Salvato in:
Dettagli Bibliografici
Autore principale: Jankurová, Lenka
Natura: Capitolo di libro
Lingua:slovacco
Soggetti:
Tags: Aggiungi Tag
Nessun Tag, puoi essere il primo ad aggiungerne!!

MARC

LEADER 00000naa a2200000 4500
001 r041966
005 20231002122808.1
041 0 |a slo 
044 |a SK 
245 1 0 |a Medzinárodný účtovný štandard IAS 20 Účtovanie štátnych dotácií a zverejňovanie štátnej podpory  |c Lenka Jankurová 
520 |a Štandard IAS 20 - Účtovanie dotácií a zverejňovanie štátnej podpory bol nahradený v roku 1994 prepracovaným IAS 20 - Účtovanie štátnych dotácií a zverejňovanie štátnej podpory. Vymedzenie základných pojmov. Štátne dotácie. Prezentácia dotácií vzťahujúcich sa na majetok a na výnos. Štátna podpora. Zverejňovanie. 
610 2 0 |a účtovanie 
610 2 0 |a dotácie štátne 
610 2 0 |a štát 
610 2 0 |a majetok 
610 2 0 |a výnosy 
610 2 0 |a IAS 20 
100 1 |a Jankurová, Lenka